SECRET LIVES पावसाने खराब (Record no. 372593)

MARC details
000 -LEADER
fixed length control field 00434nam a2200145Ia 4500
008 - FIXED-LENGTH DATA ELEMENTS--GENERAL INFORMATION
fixed length control field 100122s9999 xx 000 0 und d
082 ## - DEWEY DECIMAL CLASSIFICATION NUMBER
Item number 41536
Classification number 823
100 ## - MAIN ENTRY--PERSONAL NAME
Personal name WELSS HERMAN
245 ## - TITLE STATEMENT
Title SECRET LIVES पावसाने खराब
260 ## - PUBLICATION, DISTRIBUTION, ETC. (IMPRINT)
Name of publisher, distributor, etc POCKET BOOKS
Date of publication, distribution, etc 1987
300 ## - PHYSICAL DESCRIPTION
Extent 313
630 ## - SUBJECT ADDED ENTRY--UNIFORM TITLE
Uniform title SECRET LIVES पावसाने खराब
730 ## - ADDED ENTRY--UNIFORM TITLE
Uniform title SECRET LIVES पावसाने खराब
942 ## - ADDED ENTRY ELEMENTS (KOHA)
Koha item type Book
Holdings
Withdrawn status Lost status Damaged status Not for loan Home library Current library Date acquired Cost, normal purchase price Total Checkouts Full call number Barcode Date last seen Cost, replacement price Price effective from Koha item type Public note
        S.V. Pathak Library, Vile Parle S.V. Pathak Library, Vile Parle 02/26/1988 45.00   41536 SVPPARLE-41536 01/25/2010 45.00 01/25/2010 Book "7)रद्द, , General, Cancelled"